The college instructor's guide to writing test items : (Record no. 99305)

MARC details
000 -LEADER
fixed length control field 01004nam a22002777a 4500
003 - CONTROL NUMBER IDENTIFIER
control field URS
005 - DATE AND TIME OF LATEST TRANSACTION
control field 20260326151015.0
008 - FIXED-LENGTH DATA ELEMENTS--GENERAL INFORMATION
fixed length control field 260325b |||||||| |||| 00| 0 eng d
020 ## - INTERNATIONAL STANDARD BOOK NUMBER
International Standard Book Number 9781138885620
Terms of availability hbk
020 ## - INTERNATIONAL STANDARD BOOK NUMBER
International Standard Book Number 9781138886537
Terms of availability pbk
020 ## - INTERNATIONAL STANDARD BOOK NUMBER
International Standard Book Number 9781315714776
Terms of availability ebk
040 ## - CATALOGING SOURCE
Original cataloging agency DLC
Language of cataloging eng
Transcribing agency DLC
Modifying agency URS
Description conventions rda
050 14 - LIBRARY OF CONGRESS CALL NUMBER
Classification number LB2367
Item number .R6183 2017
100 1# - MAIN ENTRY--PERSONAL NAME
Personal name Rodriguez, Michael C.
245 ## - TITLE STATEMENT
Title The college instructor's guide to writing test items :
Remainder of title measuring student learning /
Statement of responsibility, etc. Michael C. Rodriguez and Anthony D. Albano.-
264 #1 - PRODUCTION, PUBLICATION, DISTRIBUTION, MANUFACTURE, AND COPYRIGHT NOTICE
Place of production, publication, distribution, manufacture New York:
Name of producer, publisher, distributor, manufacturer Routledge,
Date of production, publication, distribution, manufacture, or copyright notice c2017.
300 ## - PHYSICAL DESCRIPTION
Extent xiii, 158 pages:
Other physical details illustrations;
Dimensions 23 cm
336 ## - CONTENT TYPE
Source rdacontent
Content type term text
Content type code txt
337 ## - MEDIA TYPE
Source rdamedia
Media type term unmediated
Media type code n
338 ## - CARRIER TYPE
Source rdacarrier
Carrier type term volume
Carrier type code nc
504 ## - BIBLIOGRAPHY, ETC. NOTE
Bibliography, etc. note Includes references and index.
650 #0 - SUBJECT ADDED ENTRY--TOPICAL TERM
Topical term or geographic name entry element Educational test and measurement
Geographic subdivision United States
650 #0 - SUBJECT ADDED ENTRY--TOPICAL TERM
Topical term or geographic name entry element Examinations
General subdivision Design and construction
700 1# - ADDED ENTRY--PERSONAL NAME
Personal name Albano, Anthony D.
942 ## - ADDED ENTRY ELEMENTS (KOHA)
Source of classification or shelving scheme Library of Congress Classification
Koha item type Foreign Books
Classification part LB2367
Item part .R6183 2017
Holdings
Withdrawn status Source of classification or shelving scheme Damaged status Not for loan Home library Current library Shelving location Date acquired Total Checkouts Full call number Barcode Date last seen Price effective from Koha item type
  Library of Congress Classification     Angono College Library Angono College Library Foreign Section 03/25/2026   LB2367 .R6183 2017 URSANG-5659 03/25/2026 03/25/2026 Foreign Books

University of Rizal System
Email us at univlibservices@urs.edu.ph

Visit our Website www.urs.edu.ph/library